| 000 | 00313nam a2200133 i 4500 | ||
|---|---|---|---|
| 001 | bg | ||
| 100 | 1 | _aPIWNIK, Jan | |
| 245 | 0 |
_aMechanika procesów wyciskania metali / _cJ. Piwnik. |
|
| 260 |
_aBiałystok, _c1991. |
||
| 040 | _cBPK | ||
| 041 | _apol | ||
| 942 | _cKS | ||
| 008 | s pl f |000 0 pol | ||
| 999 |
_c29544 _d29544 |
||
| 856 |
_uhttp://koha.tu.koszalin.pl/cgi-bin/koha/opac-detail.pl?biblionumber=29544 _yKatalog online BPK |
||